Catálogo

Kaltaixpetaniloyan = (Registro nro. 43902)

Detalles MARC
000 -LEADER
fixed length control field 01174cam a2200289 i 4500
001 - CONTROL NUMBER
control field 43902
003 - CONTROL NUMBER IDENTIFIER
control field Mx-PuUPA
005 - DATE AND TIME OF LATEST TRANSACTION
control field 20240703160837.0
008 - FIXED-LENGTH DATA ELEMENTS--GENERAL INFORMATION
fixed length control field 140415s2003 mx a gr 000 0 spa d
020 ## - INTERNATIONAL STANDARD BOOK NUMBER
Terms of availability En trámite
040 ## - CATALOGING SOURCE
Original cataloging agency Mx-PuUPA
Language of cataloging spa
Transcribing agency Mx-PuUPA
Modifying agency Mx-PuUPA
Description conventions rda
041 0# - LANGUAGE CODE
Language code of text/sound track or separate title spa
245 00 - TITLE STATEMENT
Title Kaltaixpetaniloyan =
Remainder of title ("Casa donde se abre el espíritu") /
Statement of responsibility, etc. Víctor Bacre Parra ; fotografía, Víctor Bacre Parra y David García Zamora
264 #1 - PRODUCTION, PUBLICATION, DISTRIBUTION, MANUFACTURE, AND COPYRIGHT NOTICE
Place of production, publication, distribution, manufacture México, D. F. :
Name of producer, publisher, distributor, manufacturer [Editor no identificado],
Date of production, publication, distribution, manufacture, or copyright notice 2002
300 ## - PHYSICAL DESCRIPTION
Extent vi, 193 páginas :
Other physical details ilustraciones, fotografías ;
Dimensions 28 cm
336 ## - CONTENT TYPE
Fuente rdacontent
Content type term texto
Content type code txt
337 ## - MEDIA TYPE
Source rdamedia
Media type term sin medio
Media type code n
338 ## - CARRIER TYPE
Source rdacarrier
Carrier type term volumen
Carrier type code nc
500 ## - GENERAL NOTE
General note "Centros Comunitarios de Aprendizaje : Estrategias educativas para impulsar el Desarrollo Sustentable, el Desarrollo Regional y el Desarrollo Humano". -- Cubierta.
650 #7 - SUBJECT ADDED ENTRY--TOPICAL TERM
Source of heading or term armarc
Topical term or geographic name entry element Escuelas rurales
700 1# - ADDED ENTRY--PERSONAL NAME
Personal name Bacre Parra, Víctor,
Relator term editor
700 1# - ADDED ENTRY--PERSONAL NAME
Personal name Bacre Parra, Víctor,
Relator term fotográfo
700 1# - ADDED ENTRY--PERSONAL NAME
Personal name García Zamora, David,
Relator term fotográfo
942 ## - ADDED ENTRY ELEMENTS (KOHA)
Source of classification or shelving scheme Dewey Decimal Classification
Koha item type Libro
Classification part 371.03
Item part K14
Existencias
Withdrawn status Lost status Source of classification or shelving scheme Damaged status Not for loan Collection code Home library Current library Shelving location Date acquired Source of acquisition Total Checkouts Full call number Barcode Date last seen Copy number Price effective from Koha item type
    Dewey Decimal Classification     General Biblioteca Karol Wojtyla Biblioteca Karol Wojtyla Sala general 03/12/2013 Compra   371.03 K14 2002 66026 05/01/2026 Ej.3 03/12/2013 Libro
    Dewey Decimal Classification     General Biblioteca Karol Wojtyla Biblioteca Karol Wojtyla Sala general 03/12/2013 Compra   371.03 K14 2002 66025 05/01/2026 Ej.2 03/12/2013 Libro
    Dewey Decimal Classification     General Biblioteca Karol Wojtyla Biblioteca Karol Wojtyla Sala general 03/12/2013 Compra   371.03 K14 2002 49691 05/01/2026   03/12/2013 Libro
    Dewey Decimal Classification   Consulta en sala Puebla Biblioteca Karol Wojtyla Biblioteca Karol Wojtyla Área de silencio 03/12/2013 Compra   370.115 BAC 69046 05/01/2026   03/12/2013 Libro
    Dewey Decimal Classification     General Tehuacán Tehuacán Sala general 03/12/2013 Compra   361.8 BAC 507329     03/12/2013 Libro